Normal view
MARC view
Entry Personal Name
001 - CONTROL NUMBER
- control field: 49392
003 - CONTROL NUMBER IDENTIFIER
- control field: ARRUPE
005 - DATE AND TIME OF LATEST TRANSACTION
- control field: 20200206093410.0
008 - FIXED-LENGTH DATA ELEMENTS
- fixed length control field: 200206|| aca||aabn | a|a d
040 ## - CATALOGING SOURCE
- Original cataloging agency: ARRUPE
- Transcribing agency: ARRUPE
100 ## - HEADING--PERSONAL NAME
- Personal name: William Augustus,
- Titles and other words associated with a name: Prince, Duke of Cumberland,
- Dates associated with a name: 1721-1765.
670 ## - SOURCE DATA FOUND
- Source citation: Work cat.: (ARRUPE)0: Marples, Morris, 1901- 49390, Poor Fred and the Butcher:, 1970.